Capitales avec la lettre E comme deuxième lettre - Statistiques

Statistiques générales
  • Ce quiz a été pris 1 613 fois
    1 608 depuis la dernière actualisation
  • Le résultat moyen est 11 sur 18
Statistiques - réponses
Capitale % Correct
Berlin
80%
Pékin
74%
Berne
72%
Helsinki
72%
Mexico
71%
Wellington
68%
Le Caire
66%
Belgrade
64%
Séoul
63%
Belmopan
62%
Téhéran
62%
Reykjavik
59%
New Delhi
58%
Jérusalem
56%
Beyrouth
54%
Georgetown
48%
Le Cap
47%
Tegucigalpa
45%
Aucun quiz correspondant
Distribution des résultats
% des personnes avec chaque résultat
Percentile par nombre de réponses
Votre historique - résultats
Vous n’avez pas pris ce quiz depuis la dernière actualisation